1520 1711 1850 1333 1383 1712 1271 1895 1350 1670 1321 1689 1075 1206 1117 1548 1238 1317 1508 1825 1972 1152 1517 1839 1098 1942 1363 1502 1750 1409 1088 1504 1216 1415 1472 1615 1776 1686 1814 1161 1032 1332 1734 1834 1543 1350 1200 1958 1676 1140 1612 1592 1522 1680 1803 1248 1945 1230 1414 1161 1307 1589 1366 1925 1919 1190 1820 1918 1061 1677 1439 1698 1505 1061 1994 1877 1735 1808 1011 1142 1797 1460 1116 1959 1975 1040 1560 1797 1668 1985 1081 1962 1326 1917 1502 1267 1393 1916 1104 BCNSPRNW ULIB Ver.6.0+V

เปลี่ยนเป็นภาษาไทย

Change to English
 แสดงรายละเอียดบรรณานุกรม
  กลับหน้าหลัก

Brief Record : Get Marc (ISO 2709) : E-mail record : QR code < ปิดหน้าต่าง
LEADER : 00000nam 2200000uu 4500
001    13399113833
003     ULIB
008    120110s||||||||th 000 0 tha d
099    วจ.HF5549^bก733ค
100 0  กุสุมาลี โพธิปัสสา
245 00 ผลการพัฒนาอาจารย์ของวิทยาลัยสังกัดกระทรวงสาธารณสุขโดยการศึกษาระดับปริญญาโท-เอก ต่างประเทศ/^cกุสุมาลี โพธิปัสสา,จุรีรัตน์ โตบุญพา และ เบญจพร ทิพยผลาผลกุล
260    นนทบุรี :^bสถาบันพระบรมราชชนก,^c2554
300    73 หน้า :^bตาราง
500    รายงานการวิจัย
650  7 การพัฒนาบุคลากร^xวิจัย
650  7 การจัดการศึกษา^xวิจัย
700 02 จุรีรัตน์ โตบุญพา
700 02 เบญจพร ทิพยผลาผลกุล
710    สถาบันพระบรมราชชนก
945    ^p0^l0^i030905
945    ^p0^l0^i030906
995    ทศพร
999 ^a ทศพร
รายการนี้ยังไม่มีแท็ก
คุณยังไม่ได้ล็อกอิน คุณสามารถมีกิจกรรมร่วมกับเว็บไซต์ได้ แต่ต้องล็อกอินก่อน ::
  ล็อกอิน

รายการสื่อสารสนเทศ

ลำดับที่ ประเภท เลขเรียก/บาร์โค้ด สถานที่ สถานะ
1. งานวิจัย
งานวิจัย
วจ.HF5549 ก733ค ฉ.1 
  Barcode: 030905
ห้องสมุดวิทยาเขตสวรรค์ประชารักษ์
►วิจัย
บนชั้น
2. งานวิจัย
งานวิจัย
วจ.HF5549 ก733ค ฉ.2 
  Barcode: 030906
ห้องสมุดวิทยาเขตสวรรค์ประชารักษ์
►วิจัย
บนชั้น

BibComment


ยังไม่เคยถูกคอมเมนท์

คอมเมนท์ทรัพยากรรายการนี้
  คอมเมนท์: ผลการพัฒนาอาจารย์..


 Copyright 2026. Bcnsprnw @Library